Comics: Movies by Publisher Quiz Stats

 Plays Quiz not verified by Sporcle

Score 0/111 Timer 12:00
0 Plays Today
Publishing Company Comic Book % Correct
Marvel Comics..Logan
97.7%
DC Comics..Wonder Woman
97.7%
Marvel ComicsCaptain America
97.6%
Marvel ComicsCaptain America
97.6%
DC ComicsBatman
96.4%
Marvel ComicsSpider-Man
96.2%
Marvel Comics..Thor: Ragnarok
95.3%
Marvel ComicsX-Men
95.3%
Marvel Comics..Captain America: Civil War
95.2%
Marvel Comics.Thor: The Dark World
94%
Marvel Comics Iron Man
94%
Marvel Comics Spider-Man 2
93.6%
Marvel Comics..Spider-Man: Homecoming
93%
DC Comics..Justice League
93%
Marvel Comics.The Avengers
92.2%
DC ComicsSuperman II
92.2%
DC ComicsSuperman III
92.2%
DC Comics Batman Returns
91.9%
Marvel ComicsThe Fantastic Four
91.7%
Marvel Comics..Fantastic Four
91.7%
Marvel Comics.Guardians of the Galaxy
91.6%
Marvel Comics.Iron Man 2
91.6%
DC Comics Batman & Robin
91.3%
DC Comics Batman Begins
91.3%
Marvel Comics.Captain America: The Winter Soldier
91.2%
DC Comics.The Dark Knight
91.1%
Marvel Comics Spider-Man 3
90.8%
Marvel Comics..Black Panther
90.7%
Marvel Comics..Guardians of the Galaxy Vol. 2
90.7%
Marvel Comics..Ant-Man
90.5%
Marvel Comics..X-Men: Apocalypse
90.5%
DC Comics..Man of Steel
90.4%
Marvel Comics.Iron Man 3
90.2%
DC Comics Batman Forever
89.9%
Marvel ComicsX2: X-Men United
89.7%
Marvel Comics.The Amazing Spider-Man 2
89.7%
DC Comics..The Dark Knight Rises
89.4%
Publishing Company Comic Book % Correct
Marvel Comics.The Wolverine
89.4%
Marvel Comics..Doctor Strange
89.3%
DC Comics..Suicide Squad
88.6%
Marvel ComicsHulk
88.4%
Marvel Comics..X-Men: Days of Future Past
88%
Marvel Comics Fantastic Four
87.6%
DC Comics..Batman v Superman: Dawn of Justice
86%
Marvel Comics.The Amazing Spider-Man
85.8%
Marvel Comics The Incredible Hulk
85.8%
Marvel Comics..Avengers: Age of Ultron
85.7%
Marvel Comics..Deadpool
84.5%
Marvel Comics X-Men: The Last Stand
83.8%
DC ComicsSuperman IV: The Quest for Peace
83.5%
Marvel ComicsThe Punisher
82.1%
Marvel Comics X-Men Origins: Wolverine
82.1%
Marvel ComicsBlade II
81.3%
Marvel ComicsBlade
81.3%
Marvel Comics Fantastic Four: Rise of the Silver Surfer
80.4%
Marvel ComicsDaredevil
80.2%
Marvel Comics.X-Men: First Class
79.1%
DC Comics..Green Lantern
78.6%
Marvel Comics The Punisher
77.8%
Marvel Comics.Thor
76.3%
DC Comics.Superman Returns
74.9%
Marvel ComicsBlade: Trinity
73.7%
Marvel Comics Elektra
70.2%
Marvel Comics Ghost Rider
69%
Marvel Comics Punisher: War Zone
66.5%
Marvel Comics.Captain America: The First Avenger
66.5%
DC ComicsSuperman
64.8%
DC Comics Batman
61.5%
Marvel ComicsHoward the Duck
57.3%
Marvel Comics.Ghost Rider: Spirit of Vengeance
55.3%
Dark Horse Comics Hellboy II: The Golden Army
54.7%
Marvel Comics Man-Thing
53.6%
DC ComicsSuperman and the Mole Men
47.6%
DC Comics.V for Vendetta
47.6%
Publishing Company Comic Book % Correct
Dark Horse Comics Hellboy
47%
Marvel Imprint CompaniesMen in Black
46.4%
Marvel Imprint CompaniesMen in Black II
46.4%
Marvel Imprint CompaniesMen in Black 3
44%
Marvel Imprint CompaniesKick-Ass
44%
DC Comics.Watchmen
42.9%
DC Comics.Constantine
42.9%
Dark Horse Comics R.I.P.D.
42.7%
DC ComicsSupergirl
42%
Marvel Imprint CompaniesKick-Ass 2
41.7%
DC Imprint CompaniesRoad to Perdition
40%
DC ComicsSwamp Thing
37.3%
Dark Horse Comics Sin City: A Dame to Kill For
34%
DC Imprint CompaniesA History of Violence
33.2%
DC Comics Catwoman
33.1%
Dark Horse ComicsTank Girl
32.1%
DC Comics The Return of the Swamp Thing
32.1%
DC Imprint CompaniesRed
29.3%
DC Comics Steel
28.9%
Dark Horse Comics Sin City
27.5%
DC Comics.The Losers
27.4%
DC Imprint CompaniesRed 2
27.4%
DC Comics.Jonah Hex
26.3%
Dark Horse Comics 300
24.5%
Dark Horse ComicsThe Mask
21.9%
Dark Horse Comics 300: Rise of an Empire
21.8%
Marvel Imprint CompaniesKingsman: The Golden Circle
20.9%
Marvel Imprint CompaniesKingsman: The Secret Service
19%
Dark Horse Comics Son of the Mask
18.4%
Dark Horse ComicsAVP: Alien vs Predator
15.6%
Dark Horse Comics AVPR: Aliens vs Predator: Requiem
15.5%
Dark Horse ComicsMystery Men
11.8%
Dark Horse ComicsBarb Wire
9.1%
Dark Horse ComicsAmerican Splendor
7.3%
Dark Horse ComicsTimecop
6.8%
Dark Horse ComicsVirus
6.6%
Dark Horse ComicsTime Cop 2: The Berlin Decision
6%

You're not logged in!

Compare scores with friends on all Sporcle quizzes.
OR
Log In

Show Comments

Extras

Top Quizzes Today


Score Distribution

Your Account Isn't Verified!

In order to create a playlist on Sporcle, you need to verify the email address you used during registration. Go to your Sporcle Settings to finish the process.

Report this User

Report this user for behavior that violates our Community Guidelines.

Details: